| 000 | 00000nam##2200000za#4500 |
| 001 | 9.642476 |
| 003 | CaOODSP |
| 005 | 20210624223724 |
| 007 | cr ||||||||||| |
| 008 | 150407|2000||||xxc|||||o f|0| 0 fre|d |
| 040 | |aCaOODSP|bfre |
| 043 | |an-cn--- |
| 086 | 1 |aF2-97/2-2000F-PDF |
| 110 | 1 |aCanada. |bMinistère des finances. |
| 245 | 10|aNotes explicatives révisées concernant l'impôt sur le revenu / |h[ressource électronique]|cpublié par le ministre des Finances, l'Honorable Paul Martin, c.p., député. |
| 260 | |aOttawa - Ontario : |bFinances Canada. |cJuin 2000. |
| 300 | |a126p.|btableau |
| 500 | |aLe n° de catalogue (F2-97/2-2000F) et l'ISBN (0-660-96382-5) de l'édition imprimée ont été incorrectement copiés dans l'édition électronique. |
| 520 | 3 |a« Les présentes notes explicatives portent sur les modifications qu’il est proposé d’apporter à la Loi de l’impôt sur le revenu, aux Règles concernant l’application de l’impôt sur le revenu et à deux lois connexes. Ces notes, de concert avec les notes rendues publiques en juillet, novembre et décembre 1999, donnent une explication détaillée de chacune des modifications à l’intention des parlementaires, des contribuables et de leurs conseillers professionnels. »--Avant-propos, p.6 de 126. |
| 590 | |a13-22-Supp|b2013-09-26 |
| 691 | 07|aImpôt sur le revenu|2gcpds |
| 691 | 07|aAmendement|2gcpds |
| 775 | 08|tRevised explanatory notes relating to income tax / |w(CaOODSP)9.698470 |
| 776 | 0#|tNotes explicatives révisées concernant l'impôt sur le revenu / |w(CaOODSP)9.681170 |
| 856 | 40|ahttp://publications.gc.ca|qPDF|s303 Ko|uhttps://publications.gc.ca/collections/Collection/F2-97-2-2000F.pdf |